000 00650nam a22002417a 4500
003 UA-OsUOA
001 35295
007 ta
008 20051117b un ||||| |||| 00| 0 ukr d
100 _aМареев С.Н.
090 _a1(091)(047.8)
_bМ25
942 _cBK
040 _aUA-OsUOA
_brus
_cUA-OsUOA
_dUA-OsUOA
245 _aИстория философии
_bобщий курс
300 _a880 с.
955 _a2
041 _arus
080 _a1(091)(047.8)
020 _a5-8291-0402-4
260 _aМ.
_bАкадемический проект
_c2004
650 7 _a1(091) Історія філософії
_2UDC
999 _c315292
_d315292